00929nam a2200289 i 4500003001000000005001700010007000300027008004100030020001500071040003500086041000800121084001200129100002000141245008500161250001800246264004800264300001800312336002700330337003300357338002800390500003600418650003200454650003400486650004700520650004300567700002900610CO-BoRNBP20230607150844.0ta200407s9999 XX 000 0 und d a8422668084 aCO-BoRNBPbspaerdacCO-BoRNBP aspa aN STE151 aSteel, Danielle 0aEl honor del silencio /c Danielle Steel ; traducido por Gemma Moral Bartolomé a1a. edición 1aBarcelona :b Círculo de Lectores,c 1997 a316 páginas atextobtxt2rdacontent asin mediaciónbn2rdamedia avolumenbnc2rdacarrier aTítulo original: Silent Honor17aAmor en la literatura2LEMB17aAutores estadounidenses2LEMB17aLiteratura estadounidense - siglo XX2LEMB17aNovela estadounidense - siglo XX2LEMB aMoral Bartolomé, Gemma